Southville International School and Colleges
Your cart is empty.
  • Cart
  • Lists
    Public lists Eva Luna New books Lux_list list_1
    Your lists Log in to create your own lists
  • Log in to your account
  • Your cookies
  • Search history
Southville International School and Colleges
  • Advanced search
  • Recent comments
  • Most popular
  • Libraries

Log in to your account

Log in with GOOGLE


If you do not have an external account, but do have a local account, you can still log in:

  1. Home
  2. MARC view: Arrowhawk /
Normal view MARC view ISBD view

Arrowhawk / (Record no. 12838)

[ view plain ]
MARC details
000 -LEADER
fixed length control field 00591nam a2200193 a 4500
005 - DATE AND TIME OF LATEST TRANSACTION
control field 20140310182410.0
008 - FIXED-LENGTH DATA ELEMENTS--GENERAL INFORMATION
fixed length control field 130829s19uu xx 00 eng d
020 ## - INTERNATIONAL STANDARD BOOK NUMBER
International Standard Book Number 9780805063714
100 ## - MAIN ENTRY--PERSONAL NAME
Personal name Lola M Schaefer;
245 ## - TITLE STATEMENT
Title Arrowhawk /
Statement of responsibility, etc Lola M. Schaefer.
260 ## - PUBLICATION, DISTRIBUTION, ETC. (IMPRINT)
Place of publication, distribution, etc New York :
Name of publisher, distributor, etc H. Holt,
Date of publication, distribution, etc 2004.
300 ## - PHYSICAL DESCRIPTION
Extent 2004
520 ## - SUMMARY, ETC.
Summary, etc Based on the true story of a bird of prey's survival after being struck by a poacher's arrow.
650 ## - SUBJECT ADDED ENTRY--TOPICAL TERM
Topical term or geographic name as entry element Hawks -- Juvenile fiction.
650 ## - SUBJECT ADDED ENTRY--TOPICAL TERM
Topical term or geographic name as entry element Hawks -- Fiction.
650 ## - SUBJECT ADDED ENTRY--TOPICAL TERM
Topical term or geographic name as entry element Poaching -- Fiction.
700 ## - ADDED ENTRY--PERSONAL NAME
Personal name Gabi Swiatkowska
942 ## - ADDED ENTRY ELEMENTS (KOHA)
Koha item type Books
Holdings
Withdrawn status Lost status Source of classification or shelving scheme Damaged status Home library Current library Shelving location Date acquired Total Checkouts Full call number Barcode Date last seen Date checked out Copy number Price effective from Koha item type
    Library of Congress Classification   Luxembourg Library Luxembourg Library Kids Fiction Section 08/29/2013 2 PZ 10.3 .Sch29Ar 2004 19576 06/16/2015 08/12/2014 1 10/10/2013 Books

Arrowhawk /

APA

Lola M Schaefer, Gabi Swiatkowska, . (2004). Arrowhawk. New York: H. Holt.

Chicago

Lola M Schaefer, Gabi Swiatkowska, . 2004. Arrowhawk. New York: H. Holt.

Harvard

Lola M Schaefer, Gabi Swiatkowska, . (2004). Arrowhawk. New York: H. Holt.

MLA

Lola M Schaefer, Gabi Swiatkowska, . Arrowhawk. New York: H. Holt. 2004.

  • Place hold
  • Print
  • Cite
  • Add to your cart (remove)
  • Save record
    BIBTEX Dublin Core MARCXML MARC (non-Unicode/MARC-8) MARC (Unicode/UTF-8) MARC (Unicode/UTF-8, Standard) MODS (XML) RIS
  • More searches
    Search for this title in:
    Other Libraries (WorldCat) Other Databases (Google Scholar) Online Stores (Bookfinder.com) Open Library (openlibrary.org)

Exporting to Dublin Core...

SOUTHVILLE LIBRARY

Southville International School and Colleges Library

1281 Tropical Ave. Cor. Luxembourg St., BF Homes International, Las Pinas City

Tel. No. 8256374 / 252358 Loc. 117/146

Powered by Koha